000 00467nam a2200169 i 4500
001 70572
003 ES-MaACL
005 20230906170845.0
007 t|
008 040728s1968 sp ||||1| spa d
100 1 _aGarcía Viñó, M.
_955416
245 1 3 _aEl pacto del Sinaí /
_cM. García Viñó.
260 _aMadrid :
_bPrensa Española,
_c1968.
300 _a180 p. ;
_c21 cm.
852 _aES-MaACL
_jC-35214
_bR.67463
852 _aES-MaACL
_jC-46861
_bR.66959
999 _c70572
_d70572